00540nam a2200157Ia 4500008004100000082001900041100002100060245004200081260002800123300000900151630001800160650006200178942000900240952011600249999001700365211109s9999||||xx |||||||||||||| ||und|| a343.087bMCK-M aMckenzie, George 0aMonetary Thory of International Trade bMacmillanaLondonc2008 a96p. xGeneral Stack aSocial sciencesvMilitary & nautical engineeringEconomics cBOOK 00104070aSBCLbSBCLc2d2021-11-09g50.00l0o343.087 MCK-Mp00062101r2021-11-09 00:00:00w2021-11-09yBOOK c77564d77564